| 000 | 00746nam a22001937a 4500 | ||
|---|---|---|---|
| 999 |
_c59265 _d59265 |
||
| 005 | 20221226150422.0 | ||
| 008 | 221226s1981ge xxu||||| |||| 00| 0 geo d | ||
| 041 | _ageo | ||
| 080 | _a821.161.1 Л- 49 | ||
| 100 |
_aЛермонтов, М. Ю _916588 |
||
| 245 |
_aСобрание сочинений в 4 томах. _bТом 4 : Проза Письма / _cМ. Лермонтов |
||
| 250 | _a2-е исправ. и доролненное. | ||
| 264 |
_aЛенинград : _bНаука, _c1980. |
||
| 300 |
_a592 ст, _b22 см. |
||
| 653 | _aКлассическая литература | ||
| 653 | _a Русская литература, | ||
| 653 | _aკლასიკური ლიტერატურა | ||
| 942 |
_2udc _cBK |
||